000
00274nam a2200109Ia 4500
008
260210s9999 xx 000 0 und d
020
_a
9781682868935
100
_a
Hart
245
0
_a
Water Resources Management: Principles and Practice
260
_b
Syrawood
942
_c
BPLAN
999
_c
14234
_d
14234